[Event "Nationale pupillendag 2017 - categorie G"]
[Site "Meppel"]
[Date "2017.06.17"]
[Round "1.1"]
[White "Kazarjan, Gachatur"]
[Black "Tang, Dean"]
[Result "1-0"]
[BlackElo "394"]
[WhiteElo "892"]
[LiveChessVersion "1.4.8"]

1. e4 {[%clk 0:15:18]} e5 {[%clk 0:15:19]} 2. Nf3 {[%clk 0:15:26]} Nc6
{[%clk 0:15:27]} 3. Bc4 {[%clk 0:15:34]} Bc5 {[%clk 0:15:24]} 4. Nc3
{[%clk 0:15:36]} Nf6 {[%clk 0:15:30]} 5. d3 {[%clk 0:15:38]} Ng4 {[%clk 0:15:36]}
6. O-O {[%clk 0:15:45]} O-O {[%clk 0:15:40]} 7. Ng5 {[%clk 0:15:35]} d6
{[%clk 0:15:28]} 8. Qf3 {[%clk 0:15:23]} Qf6 {[%clk 0:14:49]} 9. Nd5
{[%clk 0:15:04]} Qxf3 {[%clk 0:14:48]} 10. Nxf3 {[%clk 0:15:10]} Na5
{[%clk 0:14:12]} 11. b4 {[%clk 0:14:52]} Nxc4 {[%clk 0:14:03]} 12. dxc4
{[%clk 0:14:59]} Bd4 {[%clk 0:14:03]} 13. c3 {[%clk 0:15:01]} Bxf2+
{[%clk 0:13:44]} 14. Rxf2 {[%clk 0:15:06]} Nxf2 {[%clk 0:13:52]} 15. Kxf2
{[%clk 0:15:14]} Bg4 {[%clk 0:13:53]} 16. c5 {[%clk 0:15:00]} dxc5
{[%clk 0:13:56]} 17. bxc5 {[%clk 0:15:07]} Bxf3 {[%clk 0:14:02]} 18. gxf3
{[%clk 0:15:13]} Rad8 {[%clk 0:14:06]} 19. Nxc7 {[%clk 0:15:18]} Rd1
{[%clk 0:14:09]} 20. Nd5 {[%clk 0:15:02]} Rc8 {[%clk 0:14:01]} 21. Ne3
{[%clk 0:15:06]} Rdd8 {[%clk 0:14:01]} 22. Ba3 {[%clk 0:15:10]} a5
{[%clk 0:13:50]} 23. Nd5 {[%clk 0:15:13]} h5 {[%clk 0:13:40]} 24. Ne7+
{[%clk 0:15:20]} Kf8 {[%clk 0:13:45]} 25. Nxc8 {[%clk 0:15:25]} Rxc8
{[%clk 0:13:54]} 26. c6+ {[%clk 0:15:33]} Ke8 {[%clk 0:13:55]} 27. cxb7
{[%clk 0:15:41]} Rb8 {[%clk 0:14:03]} 28. Rb1 {[%clk 0:15:50]} g5
{[%clk 0:14:00]} 29. Bd6 {[%clk 0:15:57]} Rd8 {[%clk 0:14:03]} 30. Bc7
{[%clk 0:15:42]} Rd2+ {[%clk 0:14:03]} 31. Kg3 {[%clk 0:15:49]} h4+
{[%clk 0:14:06]} 32. Kg4 {[%clk 0:15:57]} Rg2+ {[%clk 0:14:12]} 33. Kf5
{[%clk 0:16:03]} Rxh2 {[%clk 0:13:53]} 34. b8=Q+ {[%clk 0:16:08]} Kd7
{[%clk 0:13:54]} 35. Qd8+ {[%clk 0:16:13]} Kc6 {[%clk 0:13:58]} 36. Rb6+
{[%clk 0:16:20]} Kc5 {[%clk 0:14:04]} 37. Qd5# {[%clk 0:16:14]} Kxd5
{[%clk 0:14:04]} 1-0

[Event "Nationale pupillendag 2017 - categorie G"]
[Site "Meppel"]
[Date "2017.06.17"]
[Round "1.2"]
[White "Jonkman, Sophia"]
[Black "Jakhari, Ansh"]
[Result "0-1"]
[BlackElo "800"]
[WhiteElo "387"]
[LiveChessVersion "1.4.8"]

1. d4 {[%clk 0:15:18]} Nf6 {[%clk 0:15:15]} 2. c4 {[%clk 0:15:26]} c5
{[%clk 0:15:18]} 3. e3 {[%clk 0:15:19]} e6 {[%clk 0:15:05]} 4. Nc3
{[%clk 0:15:10]} cxd4 {[%clk 0:15:00]} 5. exd4 {[%clk 0:15:17]} Bb4
{[%clk 0:15:04]} 6. Bd2 {[%clk 0:15:24]} Bxc3 {[%clk 0:15:02]} 7. Bxc3
{[%clk 0:15:32]} d5 {[%clk 0:15:04]} 8. Nf3 {[%clk 0:15:26]} Nc6 {[%clk 0:15:05]}
9. Be2 {[%clk 0:15:26]} O-O {[%clk 0:14:39]} 10. O-O {[%clk 0:15:33]} Bd7
{[%clk 0:14:41]} 11. Qd2 {[%clk 0:14:50]} a5 {[%clk 0:14:14]} 12. Ne5
{[%clk 0:13:57]} Ne4 {[%clk 0:13:54]} 13. Qc2 {[%clk 0:13:49]} Nb4
{[%clk 0:13:14]} 14. Qc1 {[%clk 0:13:42]} Qc7 {[%clk 0:11:35]} 15. a3
{[%clk 0:13:20]} Nc6 {[%clk 0:11:03]} 16. Nxc6 {[%clk 0:13:09]} bxc6
{[%clk 0:10:50]} 17. Bd3 {[%clk 0:12:19]} f5 {[%clk 0:10:40]} 18. Bxe4
{[%clk 0:10:37]} dxe4 {[%clk 0:10:45]} 19. f3 {[%clk 0:10:22]} Rad8
{[%clk 0:09:16]} 20. f4 {[%clk 0:09:36]} Rf6 {[%clk 0:08:49]} 21. d5
{[%clk 0:09:07]} Rg6 {[%clk 0:08:46]} 22. Qd2 {[%clk 0:08:30]} Ra8
{[%clk 0:08:16]} 23. b4 {[%clk 0:08:12]} axb4 {[%clk 0:07:27]} 24. Bxb4
{[%clk 0:08:16]} c5 {[%clk 0:07:05]} 25. Bc3 {[%clk 0:07:58]} Qd8
{[%clk 0:05:58]} 26. d6 {[%clk 0:07:31]} Qh4 {[%clk 0:05:42]} 27. g4 Qxg4+
{[%clk 0:05:33]} 28. Kg2 {[%clk 0:06:29]} h5+ {[%clk 0:05:26]} 0-1

[Event "Nationale pupillendag 2017 - categorie G"]
[Site "Meppel"]
[Date "2017.06.17"]
[Round "1.3"]
[White "Paulzen, Yuko"]
[Black "Sangwan, Shourya"]
[Result "1-0"]
[BlackElo "340"]
[WhiteElo "708"]
[LiveChessVersion "1.4.8"]

1. d4 {[%clk 0:15:19]} d5 {[%clk 0:15:19]} 2. Nc3 {[%clk 0:15:25]} Nc6
{[%clk 0:15:25]} 3. Bf4 {[%clk 0:15:26]} Bf5 {[%clk 0:15:28]} 4. e3
{[%clk 0:15:18]} Nb4 {[%clk 0:15:30]} 5. Rc1 {[%clk 0:15:07]} e6 {[%clk 0:15:29]}
6. a3 {[%clk 0:15:10]} Nc6 {[%clk 0:15:34]} 7. Nf3 {[%clk 0:15:14]} Nf6
{[%clk 0:15:39]} 8. Bg5 {[%clk 0:15:18]} Bg4 {[%clk 0:15:39]} 9. Be2
{[%clk 0:15:04]} h6 {[%clk 0:15:40]} 10. Bh4 {[%clk 0:15:07]} Be7 11. h3 Bh5
{[%clk 0:15:28]} 12. O-O {[%clk 0:15:07]} O-O {[%clk 0:15:26]} 13. Bxf6
{[%clk 0:14:23]} Bxf6 {[%clk 0:15:32]} 14. b4 {[%clk 0:13:43]} a5
{[%clk 0:15:38]} 15. b5 {[%clk 0:13:36]} Ne7 {[%clk 0:15:36]} 16. a4
{[%clk 0:13:34]} Nf5 {[%clk 0:15:04]} 17. Ne5 {[%clk 0:13:42]} Bxe2
{[%clk 0:14:55]} 18. Qxe2 {[%clk 0:13:46]} Qd6 {[%clk 0:14:30]} 19. Nf3
{[%clk 0:13:43]} Nh4 {[%clk 0:14:04]} 20. Rb1 {[%clk 0:13:29]} Nxf3+
{[%clk 0:14:05]} 21. Qxf3 {[%clk 0:13:36]} Bd8 {[%clk 0:13:59]} 22. Ne2
{[%clk 0:13:41]} c6 {[%clk 0:14:07]} 23. Ng3 {[%clk 0:13:44]} Bc7
{[%clk 0:14:09]} 24. b6 {[%clk 0:13:05]} Bb8 {[%clk 0:14:03]} 25. c3
{[%clk 0:12:57]} g6 {[%clk 0:13:50]} 26. e4 {[%clk 0:12:36]} dxe4
{[%clk 0:13:47]} 27. Qxe4 {[%clk 0:12:38]} h5 {[%clk 0:13:47]} 28. Qe5
{[%clk 0:11:35]} Qe7 {[%clk 0:13:46]} 29. Qe3 {[%clk 0:10:34]} h4
{[%clk 0:13:52]} 30. Ne2 {[%clk 0:10:24]} Qd6 {[%clk 0:14:01]} 31. Qe5
{[%clk 0:10:29]} Qd8 {[%clk 0:13:54]} 32. Qe4 {[%clk 0:10:15]} Qd6 33. Qe5
{[%clk 0:10:13]} Qd8 {[%clk 0:13:54]} 34. Qe3 {[%clk 0:09:49]} f6
{[%clk 0:14:02]} 35. Qxe6+ {[%clk 0:09:51]} Kh7 {[%clk 0:13:57]} 36. c4
{[%clk 0:09:24]} Re8 {[%clk 0:14:00]} 37. Qf7+ {[%clk 0:09:16]} Kh6
{[%clk 0:14:08]} 38. g3 {[%clk 0:08:42]} hxg3 {[%clk 0:14:15]} 39. fxg3
{[%clk 0:08:47]} Rxe2 {[%clk 0:14:00]} 40. Rfe1 {[%clk 0:08:27]} Qd6
{[%clk 0:14:08]} 41. Rxe2 {[%clk 0:07:45]} Qxd4+ {[%clk 0:14:07]} 42. Kf1
{[%clk 0:07:48]} Bxg3 {[%clk 0:13:46]} 43. Qe6 {[%clk 0:06:47]} Qf4+
{[%clk 0:13:53]} 44. Kg1 {[%clk 0:06:49]} Rd8 {[%clk 0:13:23]} 45. Qe3
{[%clk 0:06:23]} Bh2+ {[%clk 0:13:02]} 46. Kg2 {[%clk 0:06:19]} Rd4
{[%clk 0:12:44]} 47. Qxf4+ Rxf4 48. Kxh2 {[%clk 0:06:15]} Rxc4 {[%clk 0:12:48]}
49. Re7 {[%clk 0:06:00]} Rc2+ {[%clk 0:12:54]} 50. Kg3 {[%clk 0:06:00]} Rc4
{[%clk 0:12:56]} 51. Rxb7 {[%clk 0:06:06]} f5 {[%clk 0:13:04]} 52. Re7
{[%clk 0:05:48]} f4+ {[%clk 0:13:12]} 53. Kf3 {[%clk 0:05:50]} Rc3+
{[%clk 0:12:50]} 54. Ke4 {[%clk 0:05:52]} f3 {[%clk 0:12:50]} 55. b7
{[%clk 0:05:57]} f2 {[%clk 0:12:49]} 56. b8=Q {[%clk 0:06:02]} Rc4+
{[%clk 0:12:45]} 57. Kd3 {[%clk 0:06:05]} Rxa4 {[%clk 0:12:25]} 58. Qh8+
{[%clk 0:06:13]} Kg5 {[%clk 0:12:34]} 59. Re5+ {[%clk 0:06:19]} Kf4
{[%clk 0:12:40]} 60. Qf6+ {[%clk 0:06:23]} Kg3 {[%clk 0:12:44]} 61. Re3+
{[%clk 0:06:24]} Kg2 {[%clk 0:12:42]} 62. Qg5+ {[%clk 0:06:37]} Kh2
{[%clk 0:12:47]} 63. Qg3# {[%clk 0:06:42]} 1-0

[Event "Nationale pupillendag 2017 - categorie G"]
[Site "Meppel"]
[Date "2017.06.17"]
[Round "1.4"]
[White "Song, Fred"]
[Black "Madularea, David"]
[Result "0-1"]
[BlackElo "697"]
[WhiteElo "293"]
[LiveChessVersion "1.4.8"]

1. e4 e5 2. Nf3 Nc6 3. Nc3 Bc5 4. Bb5 d6 5. Bxc6+ bxc6 6. O-O Bg4 7. h3 Bh5 8.
Na4 {[%clk 0:16:13]} Qd7 {[%clk 0:15:58]} 9. Nxc5 {[%clk 0:16:21]} dxc5
{[%clk 0:16:07]} 10. Nxe5 {[%clk 0:16:27]} Bxd1 {[%clk 0:16:08]} 11. Nxd7
{[%clk 0:16:35]} Kxd7 {[%clk 0:16:13]} 12. Rxd1 {[%clk 0:16:44]} Re8
{[%clk 0:16:21]} 13. Re1 {[%clk 0:16:52]} f5 {[%clk 0:16:20]} 14. d3
{[%clk 0:17:00]} Nf6 {[%clk 0:16:14]} 15. f3 {[%clk 0:17:07]} fxe4
{[%clk 0:16:08]} 16. fxe4 {[%clk 0:17:16]} c4 {[%clk 0:16:00]} 17. Bg5
{[%clk 0:17:21]} cxd3 {[%clk 0:15:50]} 18. Bxf6 {[%clk 0:17:29]} gxf6
{[%clk 0:15:58]} 19. cxd3 {[%clk 0:17:37]} f5 {[%clk 0:16:00]} 20. Rac1
{[%clk 0:17:44]} Kc8 {[%clk 0:15:59]} 21. Rc5 {[%clk 0:17:51]} fxe4
{[%clk 0:15:59]} 22. dxe4 {[%clk 0:18:00]} Re6 {[%clk 0:16:02]} 23. Ra5
{[%clk 0:18:05]} Kb7 {[%clk 0:16:04]} 24. g4 {[%clk 0:18:08]} Rhe8
{[%clk 0:16:07]} 25. Ra4 {[%clk 0:18:16]} c5 {[%clk 0:15:46]} 26. h4
{[%clk 0:18:20]} h6 {[%clk 0:15:30]} 27. g5 {[%clk 0:18:27]} hxg5
{[%clk 0:15:38]} 28. hxg5 {[%clk 0:18:35]} Rg6 {[%clk 0:15:47]} 0-1

[Event "Nationale pupillendag 2017 - categorie G"]
[Site "Meppel"]
[Date "2017.06.17"]
[Round "2.1"]
[White "Van Essen, Mees"]
[Black "Kazarjan, Gachatur"]
[Result "0-1"]
[BlackElo "892"]
[WhiteElo "518"]
[LiveChessVersion "1.4.8"]

1. c4 {[%clk 0:15:14]} e5 {[%clk 0:15:18]} 2. Nc3 {[%clk 0:15:22]} Nf6
{[%clk 0:15:23]} 3. Nf3 {[%clk 0:15:30]} Nc6 {[%clk 0:15:29]} 4. g3
{[%clk 0:15:38]} b6 {[%clk 0:15:36]} 5. Bg2 {[%clk 0:15:46]} Bb7 {[%clk 0:15:45]}
6. O-O {[%clk 0:15:53]} Bc5 {[%clk 0:15:47]} 7. d3 {[%clk 0:15:49]} d6
{[%clk 0:15:50]} 8. a3 {[%clk 0:15:56]} a5 {[%clk 0:15:54]} 9. Bg5
{[%clk 0:16:02]} h6 {[%clk 0:16:02]} 10. Bxf6 {[%clk 0:16:10]} Qxf6
{[%clk 0:16:09]} 11. Nd5 {[%clk 0:16:12]} Qd8 {[%clk 0:16:07]} 12. Rc1
{[%clk 0:15:50]} Nd4 {[%clk 0:16:08]} 13. Nxd4 {[%clk 0:15:52]} Bxd4
{[%clk 0:16:09]} 14. Nf6+ {[%clk 0:15:53]} Qxf6 {[%clk 0:16:06]} 15. Bxb7
{[%clk 0:16:00]} Rb8 {[%clk 0:16:13]} 16. Qa4+ {[%clk 0:15:59]} Ke7
{[%clk 0:16:12]} 17. Be4 {[%clk 0:15:41]} Bxb2 {[%clk 0:16:16]} 18. Rb1
{[%clk 0:15:43]} Bd4 {[%clk 0:16:23]} 19. e3 {[%clk 0:15:30]} Bc5
{[%clk 0:16:22]} 20. Qc2 {[%clk 0:15:17]} Bxa3 {[%clk 0:16:08]} 21. Qb3
{[%clk 0:15:06]} Bb4 {[%clk 0:16:25]} 22. Rfc1 {[%clk 0:15:02]} Rhd8
{[%clk 0:16:14]} 23. Bg2 {[%clk 0:14:39]} Kf8 {[%clk 0:16:12]} 24. Rd1
{[%clk 0:14:35]} c5 {[%clk 0:15:56]} 25. Qb2 {[%clk 0:14:10]} a4 {[%clk 0:16:02]}
26. d4 {[%clk 0:14:04]} cxd4 {[%clk 0:16:05]} 27. exd4 {[%clk 0:14:12]} Ba5
{[%clk 0:15:36]} 28. dxe5 {[%clk 0:14:18]} dxe5 {[%clk 0:15:36]} 29. Rxd8+
{[%clk 0:14:26]} Rxd8 30. Qa3+ {[%clk 0:14:02]} Rd6 {[%clk 0:15:37]} 31. Rd1
{[%clk 0:14:08]} Ke7 {[%clk 0:15:40]} 32. Rd2 {[%clk 0:13:46]} Bxd2
{[%clk 0:15:44]} 33. Qxa4 {[%clk 0:13:50]} Ba5 {[%clk 0:15:43]} 34. c5
{[%clk 0:13:55]} Rd2 {[%clk 0:15:40]} 35. Kh1 {[%clk 0:13:22]} Qxf2
{[%clk 0:15:40]} 36. Qc6 {[%clk 0:13:13]} Rd1+ {[%clk 0:15:47]} 37. Bf1 Rxf1# 0-1

[Event "Nationale pupillendag 2017 - categorie G"]
[Site "Meppel"]
[Date "2017.06.17"]
[Round "2.2"]
[White "Jakhari, Ansh"]
[Black "Elzinga, Timo"]
[Result "1-0"]
[BlackElo "456"]
[WhiteElo "800"]
[LiveChessVersion "1.4.8"]

1. Nf3 {[%clk 0:15:13]} e6 {[%clk 0:15:16]} 2. d4 {[%clk 0:15:12]} Nf6
{[%clk 0:15:19]} 3. Nc3 {[%clk 0:15:04]} Nc6 {[%clk 0:15:22]} 4. Bg5
{[%clk 0:14:53]} Be7 {[%clk 0:15:25]} 5. e4 O-O 6. e5 {[%clk 0:14:40]} Nd5
{[%clk 0:15:21]} 7. Bxe7 {[%clk 0:14:40]} Qxe7 {[%clk 0:15:25]} 8. Nxd5
{[%clk 0:14:38]} exd5 {[%clk 0:15:31]} 9. Bd3 {[%clk 0:14:24]} g6
{[%clk 0:15:34]} 10. Qc1 {[%clk 0:14:09]} d6 {[%clk 0:15:24]} 11. O-O
{[%clk 0:13:22]} dxe5 {[%clk 0:15:27]} 12. dxe5 {[%clk 0:13:27]} Nxe5
{[%clk 0:15:15]} 13. Qe3 {[%clk 0:12:55]} Nxf3+ {[%clk 0:15:03]} 14. Qxf3
{[%clk 0:12:48]} 1-0

[Event "Nationale pupillendag 2017 - categorie G"]
[Site "Meppel"]
[Date "2017.06.17"]
[Round "2.4"]
[White "Madularea, David"]
[Black "Bok, Tjacko"]
[Result "1-0"]
[BlackElo "429"]
[WhiteElo "697"]
[LiveChessVersion "1.4.8"]

1. e4 {[%clk 0:15:17]} e5 {[%clk 0:15:19]} 2. Nf3 {[%clk 0:15:25]} Nc6
{[%clk 0:15:28]} 3. Nc3 {[%clk 0:15:33]} Nf6 {[%clk 0:15:34]} 4. Bc4
{[%clk 0:15:40]} Bb4 {[%clk 0:15:38]} 5. d3 {[%clk 0:15:46]} Bxc3+ 6. bxc3 O-O
{[%clk 0:15:39]} 7. Bg5 {[%clk 0:15:49]} b6 {[%clk 0:15:39]} 8. O-O
{[%clk 0:15:50]} h6 {[%clk 0:15:46]} 9. Bh4 {[%clk 0:15:57]} Qe8 {[%clk 0:15:50]}
10. Bxf6 {[%clk 0:16:02]} gxf6 {[%clk 0:15:55]} 11. Nd2 {[%clk 0:16:04]} d6
{[%clk 0:15:58]} 12. Rb1 {[%clk 0:16:04]} Qd7 {[%clk 0:16:02]} 13. Qf3
{[%clk 0:15:54]} Kh8 {[%clk 0:16:03]} 14. Qxf6+ {[%clk 0:15:54]} Kh7
{[%clk 0:16:10]} 15. Bb5 {[%clk 0:15:31]} Rg8 {[%clk 0:16:13]} 16. g3
{[%clk 0:15:29]} Ne7 {[%clk 0:16:06]} 17. Bxd7 {[%clk 0:15:32]} Bxd7
{[%clk 0:16:14]} 18. Qxf7+ {[%clk 0:15:30]} Rg7 {[%clk 0:16:22]} 19. Qc4
{[%clk 0:15:28]} Ng6 {[%clk 0:16:21]} 20. Nf3 {[%clk 0:15:20]} Nf4
{[%clk 0:16:28]} 21. Kh1 {[%clk 0:15:05]} Be6 {[%clk 0:16:24]} 22. Qb4
{[%clk 0:14:47]} Bxa2 {[%clk 0:16:28]} 23. Ra1 {[%clk 0:14:51]} Be6
{[%clk 0:16:34]} 24. gxf4 {[%clk 0:14:57]} exf4 {[%clk 0:16:39]} 25. Rg1
{[%clk 0:15:01]} Bg4 {[%clk 0:16:40]} 26. Nh4 {[%clk 0:14:46]} a5
{[%clk 0:16:36]} 27. Qb5 {[%clk 0:14:44]} Rag8 {[%clk 0:16:14]} 28. Nf5
{[%clk 0:14:24]} Bxf5 {[%clk 0:16:15]} 29. Rxg7+ {[%clk 0:14:28]} Rxg7
{[%clk 0:16:23]} 30. Qxf5+ {[%clk 0:14:35]} Kg8 {[%clk 0:16:30]} 31. Qe6+
{[%clk 0:14:30]} Rf7 {[%clk 0:16:38]} 32. Rg1+ {[%clk 0:14:38]} Kf8
{[%clk 0:16:46]} 33. Qxh6+ {[%clk 0:14:37]} Ke8 {[%clk 0:16:55]} 34. Rg8+
{[%clk 0:14:42]} Ke7 {[%clk 0:17:04]} 35. Qg5+ {[%clk 0:14:44]} Rf6
{[%clk 0:17:11]} 36. Rg6 {[%clk 0:14:52]} Kf7 {[%clk 0:17:15]} 37. Rxf6+
{[%clk 0:14:57]} Ke7 {[%clk 0:17:24]} 38. Qg7+ {[%clk 0:15:06]} Ke8
{[%clk 0:17:32]} 39. Rf8# {[%clk 0:15:14]} 1-0

[Event "Nationale pupillendag 2017 - categorie G"]
[Site "Meppel"]
[Date "2017.06.19"]
[Round "3.1"]
[White "Kazarjan, Gachatur"]
[Black "De Vreugt Pezo, Max"]
[Result "1-0"]
[BlackElo "612"]
[WhiteElo "892"]
[LiveChessVersion "1.4.8"]

1. e4 {[%clk 0:15:19]} e5 {[%clk 0:15:19]} 2. Nf3 {[%clk 0:15:27]} Nc6
{[%clk 0:15:28]} 3. Bc4 {[%clk 0:15:36]} d6 {[%clk 0:15:31]} 4. Bb5
{[%clk 0:15:39]} Bg4 {[%clk 0:15:37]} 5. h3 {[%clk 0:15:48]} Bh5 {[%clk 0:15:46]}
6. g4 {[%clk 0:15:56]} Bg6 {[%clk 0:15:55]} 7. Nc3 {[%clk 0:15:58]} Qd7
{[%clk 0:15:59]} 8. d4 {[%clk 0:16:03]} exd4 {[%clk 0:16:05]} 9. Nxd4
{[%clk 0:16:07]} Be7 {[%clk 0:16:04]} 10. Nd5 {[%clk 0:15:39]} Bxe4
{[%clk 0:16:09]} 11. Nb4 {[%clk 0:15:46]} Bxh1 {[%clk 0:16:13]} 12. Ndxc6
{[%clk 0:15:54]} Qe6+ {[%clk 0:16:01]} 13. Be3 {[%clk 0:15:53]} Bxc6
{[%clk 0:16:16]} 14. Nxc6 {[%clk 0:15:59]} Kf8 {[%clk 0:16:24]} 15. Nd4
{[%clk 0:16:02]} Qd5 {[%clk 0:16:26]} 16. Qf3 {[%clk 0:15:44]} Qxf3
{[%clk 0:16:29]} 17. Nxf3 {[%clk 0:15:52]} c6 {[%clk 0:16:38]} 18. Bd3
{[%clk 0:15:56]} Bf6 {[%clk 0:16:45]} 19. O-O-O {[%clk 0:15:57]} Re8
{[%clk 0:16:52]} 20. Bxa7 {[%clk 0:15:59]} Ra8 {[%clk 0:16:50]} 21. Bb6
{[%clk 0:15:42]} Rxa2 {[%clk 0:16:53]} 22. c3 {[%clk 0:15:49]} Ra1+
{[%clk 0:17:00]} 23. Bb1 {[%clk 0:15:46]} c5 {[%clk 0:17:03]} 24. Rxd6
{[%clk 0:15:38]} Ke7 {[%clk 0:17:02]} 25. Bxc5 {[%clk 0:15:43]} Ra5
{[%clk 0:16:54]} 26. b4 {[%clk 0:15:34]} Ra3 {[%clk 0:16:53]} 27. Ra6+
{[%clk 0:15:38]} Kd7 {[%clk 0:16:52]} 28. Rxa3 {[%clk 0:15:46]} Kc6
{[%clk 0:17:01]} 29. Be4+ {[%clk 0:15:49]} Kb5 {[%clk 0:17:06]} 30. Nd4+
{[%clk 0:15:50]} Kc4 {[%clk 0:17:16]} 31. Nf3 {[%clk 0:15:41]} Ne7
{[%clk 0:17:18]} 32. Nd2+ {[%clk 0:15:41]} Kb5 {[%clk 0:17:13]} 33. Ra5#
{[%clk 0:15:45]} 1-0

[Event "Nationale pupillendag 2017 - categorie G"]
[Site "Meppel"]
[Date "2017.06.19"]
[Round "3.2"]
[White "Katsarov, Robert"]
[Black "Jakhari, Ansh"]
[Result "1/2-1/2"]
[BlackElo "800"]
[WhiteElo "646"]
[LiveChessVersion "1.4.8"]

1. e4 {[%clk 0:15:16]} c5 {[%clk 0:15:13]} 2. d4 {[%clk 0:15:20]} cxd4
{[%clk 0:15:17]} 3. Nf3 {[%clk 0:15:23]} d5 {[%clk 0:15:04]} 4. exd5
{[%clk 0:15:29]} Nf6 {[%clk 0:15:01]} 5. Bg5 {[%clk 0:15:21]} Nxd5
{[%clk 0:14:49]} 6. Nxd4 {[%clk 0:15:27]} Nb6 {[%clk 0:14:07]} 7. Bb5+
{[%clk 0:15:14]} Bd7 {[%clk 0:14:05]} 8. Bxd7+ {[%clk 0:15:20]} N6xd7
{[%clk 0:13:34]} 9. Nf3 {[%clk 0:15:27]} Nc6 {[%clk 0:12:37]} 10. O-O
{[%clk 0:15:27]} g6 {[%clk 0:12:30]} 11. Nc3 {[%clk 0:15:26]} Bg7
{[%clk 0:12:34]} 12. Re1 {[%clk 0:15:13]} O-O {[%clk 0:12:31]} 13. Nd5
{[%clk 0:14:59]} Re8 {[%clk 0:12:27]} 14. Nxe7+ {[%clk 0:14:13]} Nxe7
{[%clk 0:12:23]} 15. Bxe7 {[%clk 0:14:15]} Rxe7 {[%clk 0:12:29]} 16. Rxe7
{[%clk 0:14:22]} Qxe7 {[%clk 0:12:34]} 17. Qd2 {[%clk 0:13:57]} Bxb2
{[%clk 0:11:46]} 18. Rd1 {[%clk 0:14:04]} Rd8 {[%clk 0:11:45]} 19. Qe3
{[%clk 0:13:18]} Bf6 {[%clk 0:11:22]} 20. Re1 {[%clk 0:12:42]} Qf8
{[%clk 0:10:44]} 21. Qxa7 {[%clk 0:12:39]} Ne5 {[%clk 0:10:00]} 22. Qxb7
{[%clk 0:12:17]} Nxf3+ {[%clk 0:09:44]} 23. Qxf3 {[%clk 0:12:24]} Bg7
{[%clk 0:08:51]} 24. g3 {[%clk 0:12:18]} Re8 {[%clk 0:08:37]} 25. Rd1
{[%clk 0:12:26]} Rd8 {[%clk 0:08:27]} 26. Re1 {[%clk 0:12:35]} Qd6
{[%clk 0:07:57]} 27. c4 {[%clk 0:12:29]} Qd2 {[%clk 0:07:34]} 28. Qe2
{[%clk 0:12:21]} Qxe2 {[%clk 0:07:24]} 29. Rxe2 {[%clk 0:12:29]} Rd1+
{[%clk 0:07:31]} 30. Kg2 {[%clk 0:12:38]} Rc1 {[%clk 0:07:33]} 31. Re8+
{[%clk 0:12:36]} Bf8 {[%clk 0:07:39]} 32. Rc8 {[%clk 0:12:42]} Kg7
{[%clk 0:07:42]} 33. a4 {[%clk 0:12:16]} Bb4 {[%clk 0:07:23]} 1/2-1/2

[Event "Nationale pupillendag 2017 - categorie G"]
[Site "Meppel"]
[Date "2017.06.19"]
[Round "3.3"]
[White "Van Loon, Joost"]
[Black "Madularea, David"]
[Result "1-0"]
[BlackElo "697"]
[WhiteElo "560"]
[LiveChessVersion "1.4.8"]

1. e4 {[%clk 0:15:19]} e5 {[%clk 0:15:19]} 2. Nf3 {[%clk 0:15:27]} Nc6
{[%clk 0:15:27]} 3. Bc4 {[%clk 0:15:35]} Bc5 {[%clk 0:15:33]} 4. Nc3
{[%clk 0:15:43]} Nf6 {[%clk 0:15:41]} 5. d3 {[%clk 0:15:51]} h6 {[%clk 0:15:49]}
6. O-O {[%clk 0:15:55]} O-O {[%clk 0:15:55]} 7. Be3 {[%clk 0:15:52]} Bb4
{[%clk 0:15:41]} 8. a3 {[%clk 0:15:55]} Bxc3 {[%clk 0:15:46]} 9. bxc3
{[%clk 0:16:04]} d6 {[%clk 0:15:46]} 10. h3 {[%clk 0:16:10]} Be6 {[%clk 0:15:53]}
11. Bxe6 {[%clk 0:16:11]} fxe6 {[%clk 0:16:00]} 12. d4 {[%clk 0:16:17]} exd4
{[%clk 0:15:54]} 13. cxd4 {[%clk 0:16:24]} Nxe4 {[%clk 0:16:00]} 14. d5
{[%clk 0:16:28]} exd5 {[%clk 0:15:55]} 15. Qxd5+ {[%clk 0:16:34]} Rf7
{[%clk 0:15:52]} 16. Qxe4 {[%clk 0:16:40]} d5 {[%clk 0:15:57]} 17. Qd3
{[%clk 0:16:37]} Qf6 {[%clk 0:15:47]} 18. Qxd5 {[%clk 0:16:34]} Rd8
{[%clk 0:15:40]} 19. Qb3 {[%clk 0:16:35]} b6 {[%clk 0:15:22]} 20. Rfd1
{[%clk 0:16:31]} Kh7 {[%clk 0:15:15]} 21. Rxd8 {[%clk 0:16:33]} Qxa1+
{[%clk 0:15:21]} 22. Kh2 {[%clk 0:16:41]} Nxd8 {[%clk 0:15:29]} 23. Qd3+
{[%clk 0:16:38]} g6 {[%clk 0:15:22]} 24. Bd4 {[%clk 0:16:43]} Qa2
{[%clk 0:15:11]} 25. Ne5 {[%clk 0:16:49]} Rg7 {[%clk 0:15:09]} 26. Nc4
{[%clk 0:16:36]} Re7 {[%clk 0:14:52]} 27. Bf6 {[%clk 0:16:42]} Re6
{[%clk 0:14:22]} 28. Qd7+ {[%clk 0:16:43]} Re7 {[%clk 0:14:10]} 29. Qxe7+
{[%clk 0:16:49]} Nf7 {[%clk 0:14:16]} 30. Qxf7# 1-0

[Event "Nationale pupillendag 2017 - categorie G"]
[Site "Meppel"]
[Date "2017.06.19"]
[Round "3.4"]
[White "Jong, Melle"]
[Black "Maruška, Miika"]
[Result "0-1"]
[BlackElo "651"]
[WhiteElo "439"]
[LiveChessVersion "1.4.8"]

1. e4 c5 {[%clk 0:15:17]} 2. Nf3 {[%clk 0:15:17]} Nc6 {[%clk 0:15:26]} 3. Nc3
{[%clk 0:15:25]} Nf6 {[%clk 0:15:34]} 4. Bc4 {[%clk 0:15:34]} e5 {[%clk 0:15:41]}
5. O-O {[%clk 0:15:41]} d6 {[%clk 0:15:51]} 6. d3 {[%clk 0:15:49]} Be6
{[%clk 0:16:00]} 7. Bg5 {[%clk 0:15:57]} Bxc4 {[%clk 0:16:05]} 8. dxc4
{[%clk 0:16:04]} Be7 {[%clk 0:16:12]} 9. Qe2 {[%clk 0:16:04]} O-O
{[%clk 0:16:19]} 10. Bxf6 {[%clk 0:16:11]} Bxf6 {[%clk 0:16:28]} 11. Nd5
{[%clk 0:16:11]} Be7 {[%clk 0:16:27]} 12. Nxe7+ {[%clk 0:16:16]} Qxe7
{[%clk 0:16:36]} 13. Qd3 {[%clk 0:16:20]} Nb4 {[%clk 0:16:39]} 14. Qb3
{[%clk 0:16:24]} Nc6 {[%clk 0:16:47]} 15. a3 {[%clk 0:16:24]} Na5
{[%clk 0:16:45]} 16. Qa4 {[%clk 0:16:24]} Nc6 {[%clk 0:16:44]} 17. b4
{[%clk 0:16:22]} cxb4 {[%clk 0:16:40]} 18. axb4 {[%clk 0:16:30]} g6
{[%clk 0:16:22]} 19. b5 {[%clk 0:16:38]} Nd4 {[%clk 0:16:05]} 20. Nxd4
{[%clk 0:16:44]} exd4 {[%clk 0:16:14]} 21. Rad1 {[%clk 0:16:47]} Qxe4
{[%clk 0:16:16]} 22. c3 {[%clk 0:16:53]} dxc3 {[%clk 0:16:21]} 23. Rde1
{[%clk 0:16:58]} Qf5 {[%clk 0:16:00]} 24. Rc1 {[%clk 0:17:05]} Rfe8
{[%clk 0:15:34]} 25. Rxc3 {[%clk 0:17:13]} Re7 {[%clk 0:15:35]} 26. c5
{[%clk 0:17:19]} dxc5 {[%clk 0:15:42]} 27. Rfc1 {[%clk 0:17:18]} Rae8
{[%clk 0:15:43]} 28. h3 {[%clk 0:17:25]} Qf4 {[%clk 0:15:49]} 29. g3
{[%clk 0:17:32]} Re1+ {[%clk 0:15:47]} 30. Rxe1 {[%clk 0:17:39]} Rxe1+
{[%clk 0:15:56]} 31. Kg2 {[%clk 0:17:48]} Qxa4 {[%clk 0:15:58]} 32. Rxc5
{[%clk 0:17:53]} Qe4+ {[%clk 0:16:04]} 33. f3 {[%clk 0:18:02]} Qe2# 0-1